LEADER 01091nas a2200265 i 4500 001 000000212385 003 CaOOAMICUS 005 20130219000000.0 008 120410b2012 gw uu u0 0mul r 013 $a191216 040 $aSeMil$bita 245 10$a2012 /$cherausgegeben von Christoph Schwöbel ; in Verbindung mit Svend Andersen ... [et al.]. 260 $aBerlin ; New York :$bDe Gruyter,$ccopyr. 2012. 300 $a488 p. ;$c23 cm. 500 $aArticoli con sintesi in tedesco [Zusammenfassung] e in inglese [Summary] in coda. 773 0 $tNeue Zeitschrift für Systematische Theologie und Religionsphilosophie.$dBerlin : Töpelmann $x0028-3517$w()2512 774 0 $t2012 : 1.$w()277001 774 0 $t2012 : 2.$w()277502 774 0 $t2012 : 3.$w()277939 774 0 $t2012 : 4.$w()278401 850 $aSeMil 852 $aSeMil$W1$xVenegono$y1$m136 4 54$j162819$B162819$CSeMilBibl$Z2$F179926 $85 961 $aAbbonamento: De Gruyter 996 $6245$a2012$9(OLS)http://semarc/title/303773 996 $6260$aBerlin ; New York :$bDe Gruyter$9(OLS)http://semarc/publisher/29892 LEADER 01134nam a2200265 i 4500 001 000000043742 003 CaOOAMICUS 005 20240403161054.0 008 140925s1967 it u000 u ita u 013 $a14912 040 $aSeMil$bita 100 1 $aBernardini, Aldo,$d<1935-2023>.$0(OLS)http://semarc/name/21725 245 10$aMichelangelo Antonioni :$bda gente del Po a Blow-up /$cAldo Bernardini. 260 $aMilano :$bEdizioni I 7,$ccopyr. 1967. 300 $a279 p., [8] p. di tav. :$bill. ;$c16 cm. 490 0 $aEpoca dell'Immagine. Galleria ;$v1 500 $aContiene : Bibliografia essenziale. 600 14$aAntonioni, Michelangelo <1912-2007> - Cinema.$0(OLS)http://semarc/subject/51887 830 0$aEpoca dell'Immagine. Galleria ;$v1.$0(OLS)http://semarc/title/41636 850 $aSeMil 852 $aSeMil$W1$xVenegono$y1$m3M I 170$j9897$B9897$CSeMilBibl$Z2$F9897 $81 961 $aOmaggio: Casa editrice 996 $6245$aMichelangelo Antonioni :$bda gente del Po a Blow-up$9(OLS)http://semarc/title/64386 996 $6260$aMilano :$bEdizioni I 7$9(OLS)http://semarc/publisher/38591